Sports Quiz

Random Sports or NFL Quiz

2015 NFL Opening Day Quarterbacks Quiz Stats

 Plays Quiz Updated Sep 14, 2015

Challenge
Share
Tweet
Embed
Score 0/84 Timer 12:00
8 Plays Today
Hint Answer % Correct
PatriotsTom Brady
96.2%
BroncosPeyton Manning
94%
GiantsEli Manning
93.9%
ChiefsAlex Smith
91.6%
JetsGeno Smith
91.4%
RavensJoe Flacco
90.6%
ColtsAndrew Luck
90.6%
PackersAaron Rodgers
90.2%
CowboysTony Romo
89.6%
SeahawksRussell Wilson
89.1%
FalconsMatt Ryan
88.1%
PanthersCam Newton
88%
BengalsAndy Dalton
87.9%
BearsJay Cutler
87.9%
SaintsDrew Brees
87.5%
LionsMatthew Stafford
87.4%
ChargersPhilip Rivers
87.4%
DolphinsRyan Tannehill
86.4%
CardinalsCarson Palmer
85.9%
SteelersBen Roethlisberger
85.4%
EaglesSam Bradford
84.5%
TitansMarcus Mariota
83.6%
RaidersDerek Carr
83.6%
BillsTyrod Taylor
83.4%
49ersColin Kaepernick
83.4%
RedskinsRobert Griffin III
83.3%
JetsRyan Fitzpatrick
82.7%
BuccaneersRyan Griffin
82%
Hint Answer % Correct
BuccaneersJameis Winston
81.8%
VikingsTeddy Bridgewater
81.6%
BrownsJohnny Manziel
80.8%
JaguarsBlake Bortles
79.3%
RedskinsKirk Cousins
79.3%
RamsNick Foles
78.7%
BrownsJosh McCown
71.7%
SaintsLuke McCown
71.2%
SteelersMichael Vick
71.2%
TexansBrian Hoyer
69.1%
BillsEJ Manuel
68.7%
EaglesMark Sanchez
66.3%
BillsMatt Cassel
61.1%
BroncosBrock Osweiler
56%
TexansRyan Mallett
54.4%
ColtsMatt Hasselbeck
53.5%
CowboysBrandon Weeden
47.8%
RedskinsColt McCoy
47.7%
PatriotsJimmy Garoppolo
47.4%
49ersBlaine Gabbert
46.7%
RavensMatt Schaub
46.6%
SteelersLandry Jones
46.3%
SeahawksTarvaris Jackson
42.7%
DolphinsMatt Moore
41%
TitansZach Mettenberger
40%
JaguarsChad Henne
39.6%
BengalsAJ McCarron
38.1%
PanthersDerek Anderson
38%
Hint Answer % Correct
BearsJimmy Clausen
34.9%
BuccaneersMike Glennon
30.8%
CardinalsDrew Stanton
30.6%
ChiefsChase Daniel
30.4%
RaidersMatt McGloin
29.5%
CardinalsMatt Barkley
29.3%
BrownsAustin Davis
29.3%
RamsCase Keenum
28.7%
TitansCharlie Whitehurst
28.7%
VikingsShaun Hill
27.2%
PackersScott Tolzien
25.5%
JetsBryce Petty
24.7%
GiantsRyan Nassib
22.6%
TexansTom Savage
22%
PackersBrett Hundley
21%
LionsDan Orlovsky
20.2%
SteelersBruce Gradkowski
20.2%
PanthersJoe Webb
15.7%
ChargersKellen Clemens
14.7%
ChiefsAaron Murray
12.5%
BrownsConnor Shaw
11%
BroncosTrevor Siemian
10.4%
BearsDavid Fales
8.3%
SaintsGarrett Grayson
7.1%
EaglesStephen Morris
7%
RamsSean Mannion
6.9%
FalconsSean Renfree
5.6%
VikingsTaylor Heinicke
3.8%

You're not logged in!

Compare scores with friends on all Sporcle quizzes.
Join for Free
OR
Log In

You Might Also Like...

Show Comments

Extras

Top Quizzes Today


Score Distribution

Your Account Isn't Verified!

In order to create a playlist on Sporcle, you need to verify the email address you used during registration. Go to your Sporcle Settings to finish the process.

Report this User

Report this user for behavior that violates our Community Guidelines.

Details: